जीव विज्ञान शिक्षण (Record no. 1292)

MARC details
000 -LEADER
fixed length control field 01046 a2200241 4500
005 - DATE AND TIME OF LATEST TRANSACTION
control field 20080908120352.0
008 - FIXED-LENGTH DATA ELEMENTS--GENERAL INFORMATION
fixed length control field 080908t xxu||||| |||| 00| 0 hin d
010 ## - LIBRARY OF CONGRESS CONTROL NUMBER
LC control number HIN-79149
020 ## - INTERNATIONAL STANDARD BOOK NUMBER
Terms of availability 120.00
International Standard Book Number 8170633338
035 ## - SYSTEM CONTROL NUMBER
System control number HN-51496
037 ## - SOURCE OF ACQUISITION
Source of stock number/acquisition D.B.Act / pub
082 ## - DEWEY DECIMAL CLASSIFICATION NUMBER
Classification number 570
100 ## - MAIN ENTRY--PERSONAL NAME
Personal name मंगल, एस.के.
245 ## - TITLE STATEMENT
Title जीव विज्ञान शिक्षण
Statement of responsibility, etc एस.के.मंगल
246 ## - VARYING FORM OF TITLE
Title proper/short title Jeev vigyan shikshan
Remainder of title by S. K. Mangal
260 ## - PUBLICATION, DISTRIBUTION, ETC. (IMPRINT)
Place of publication, distribution, etc नई दिल्ली
Name of publisher, distributor, etc आर्य बुक डिपो
Date of publication, distribution, etc 2006
270 ## - ADDRESS
Address 30 नाईवाला, करोल बाग
City नई दिल्ली
Telephone number 011-25721221
Fax number 011-25716921
300 ## - PHYSICAL DESCRIPTION
Extent xiv,322पृ
Dimensions 24 सेमी (सजिल्द
650 ## - SUBJECT ADDED ENTRY--TOPICAL TERM
Topical term or geographic name as entry element जीव विज्ञान
650 ## - SUBJECT ADDED ENTRY--TOPICAL TERM
Topical term or geographic name as entry element Biology
942 ## - ADDED ENTRY ELEMENTS (KOHA)
Institution code [OBSOLETE] dpl
Koha item type Hindi Books
Call number prefix 570 / मंगल
Source of classification or shelving scheme Dewey Decimal Classification
Classification part 570
Call number suffix मंगल
Holdings
Withdrawn status Lost status Damaged status Not for loan Collection code Home library Current library Date acquired Cost, normal purchase price Total Checkouts Full call number Barcode Date last seen Copy number Uniform Resource Identifier Cost, replacement price Price effective from Koha item type
      Not For Loan Non-fiction D.B.Act.Division D.B.Act.Division 08/09/2008 120.00   570 मंगल HN-51496 15/09/2008 1 1358 120.00 15/09/2008 Hindi Books

© Delhi Public Library
Hit Counter
free hit counter